<?xml version="1.0" encoding="UTF-8"?>
<collection xmlns="http://www.loc.gov/MARC21/slim">
 <record>
  <leader>01849nam a2200229Ia 4500</leader>
  <controlfield tag="001">CTU_213445</controlfield>
  <controlfield tag="008">210402s9999    xx            000 0 und d</controlfield>
  <datafield tag="082" ind1=" " ind2=" ">
   <subfield code="a">028.7</subfield>
  </datafield>
  <datafield tag="082" ind1=" " ind2=" ">
   <subfield code="b">R141</subfield>
  </datafield>
  <datafield tag="100" ind1=" " ind2=" ">
   <subfield code="a">Ragains, Patrick</subfield>
  </datafield>
  <datafield tag="245" ind1=" " ind2="0">
   <subfield code="a">Information literacy instruction that works :</subfield>
  </datafield>
  <datafield tag="245" ind1=" " ind2="2">
   <subfield code="b">a guide to teaching by discipline and student population</subfield>
  </datafield>
  <datafield tag="245" ind1=" " ind2="0">
   <subfield code="c">Edited by Patrick Ragains</subfield>
  </datafield>
  <datafield tag="260" ind1=" " ind2=" ">
   <subfield code="a">New York</subfield>
  </datafield>
  <datafield tag="260" ind1=" " ind2=" ">
   <subfield code="b">Neal-Schuman Publishers</subfield>
  </datafield>
  <datafield tag="260" ind1=" " ind2=" ">
   <subfield code="c">c2006</subfield>
  </datafield>
  <datafield tag="520" ind1=" " ind2=" ">
   <subfield code="a">Setting the stage for information literacy education / Patrick Ragains, assisted by Tina Adams ... [et al.] -- Building strong relationships with faculty-librarian collaboration / Jean S. Caspers -- Tailoring instruction for college and university freshman / Mark Emmons -- Tailoring instruction for community college students / Ann Roselle -- Tailoring instruction for students with disabilities / Alexander Gyamfi -- Tailoring instruction for students in distance learning environments / Tina Adams and R. Sean Evans -- English literature / Janelle M. Zauha -- Art and art history / Peggy Keeran -- Film studies / Neal Baker -- History / Joel D. Kitchens -- Psychology / Nonny Schlotzhauer -- Science / Gregg Sapp -- Agricultural sciences and natural resources / Allison V. Level -- Hospitality and gaming / Cory Tucker -- International marketing paired with web delivery / Patrick Ragains -- Legal research for non-law students / Duncan Aldrich -- Government information research / Susie A. Skarl -- Patent research / Brian B. Carpenter.</subfield>
  </datafield>
  <datafield tag="650" ind1=" " ind2=" ">
   <subfield code="a">Information literacy,Electronic information resource literacy,Academic libraries</subfield>
  </datafield>
  <datafield tag="650" ind1=" " ind2=" ">
   <subfield code="x">Study and teaching (Higher),Study and teaching (Higher),Relations with faculty and curriculum</subfield>
  </datafield>
  <datafield tag="904" ind1=" " ind2=" ">
   <subfield code="i">Hiếu</subfield>
  </datafield>
  <datafield tag="910" ind1=" " ind2=" ">
   <subfield code="a">Kèm CD AV.000805</subfield>
  </datafield>
  <datafield tag="980" ind1=" " ind2=" ">
   <subfield code="a">Trung tâm Học liệu Trường Đại học Cần Thơ</subfield>
  </datafield>
 </record>
</collection>
